Con trai cũng biết khóc Tuyển tập chọn lọc Nữ sinh
v.v...
Đã lưu trong:
| Tác giả chính: | |
|---|---|
| Định dạng: | Sách |
| Năm xuất bản: |
Cà Mau
Mũi Cà Mau
1998
|
| Chủ đề: | |
| Tags: |
Thêm thẻ
Không có thẻ, Hãy là người đầu tiên gắn thẻ bản ghi này!
|
| LEADER | 00788nam a2200181 4500 | ||
|---|---|---|---|
| 082 | |a 895.922334 |b C430tr | ||
| 100 | |a Nhiều tác giả | ||
| 245 | |a Con trai cũng biết khóc |c Nhiều tác giả |b Tuyển tập chọn lọc Nữ sinh | ||
| 260 | |a Cà Mau |b Mũi Cà Mau |c 1998 | ||
| 300 | |a 260 tr. |c 18 cm. | ||
| 500 | |a Nội dung: Con trai cũng biết khóc/ Xuân Hà. Lớp phó/ Gai Xương Rồng.Kẻ phá bĩnh/ Bích Sương... | ||
| 520 | |a v.v... | ||
| 653 | |a Văn học hiện đại | ||
| 653 | |a Việt Nam | ||
| 653 | |a Truyện ngắn | ||
| 942 | |2 ddc |c SH | ||
| 999 | |c 1832 |d 1832 | ||
| 952 | |0 0 |1 0 |2 ddc |4 0 |6 895_933224000000000_C430TR |7 0 |8 800 |9 28699 |a qbu |b qbu |c D5 |d 2014-12-10 |g 20000 |l 1 |o 895.933224 C430tr |p 1147.c1 |r 2015-01-26 |s 2015-01-19 |w 2014-12-10 |y SH |0 0 |6 895_933224000000000_C430TR | ||